Spell JetPunk As Many Times As You Can Quiz - Statistics

General Stats
  • This quiz has been taken 330 times
  • The average score is 47 of 70
Answer Stats
% Correct
J
100%
E
97%
J
96%
K
96%
N
96%
P
96%
T
96%
U
96%
E
95%
T
94%
J
93%
K
93%
N
93%
P
93%
U
93%
E
92%
P
92%
T
92%
U
92%
K
91%
N
91%
E
90%
J
90%
T
89%
P
88%
U
88%
K
87%
N
87%
J
86%
E
83%
P
81%
T
81%
U
81%
K
78%
N
78%
J
77%
E
74%
T
74%
P
72%
U
72%
K
69%
N
69%
E
63%
J
63%
T
63%
P
62%
N
60%
U
60%
K
58%
J
51%
E
46%
T
43%
P
41%
U
40%
N
39%
K
37%
E
31%
J
31%
T
30%
P
27%
K
25%
N
25%
U
25%
J
21%
E
19%
P
19%
T
19%
U
18%
K
16%
N
16%
No matching quizzes found
Score Distribution
Percent of People with Each Score
Percentile by Number Answered
Your Score History
You have not taken this quiz